El libro del verano /
Guardado en:
| Autor Principal: | |
|---|---|
| Otros Autores: | |
| Formato: | Libro |
| Idioma: | Undetermined |
| Publicado: |
Buenos Aires :
Compañía Naviera Ilimitada,
2021.
|
| Edición: | 2a ed. |
| Materias: | |
| Etiquetas: |
Agregar Etiqueta
Sin Etiquetas, Sea el primero en etiquetar este registro!
|
| LEADER | 01010nam a22002895a 4500 | ||
|---|---|---|---|
| 001 | CEM.cems018995 | ||
| 008 | 211026s2021####ag############000#0#und#d | ||
| 005 | 20211104202015.0 | ||
| 003 | CEMS | ||
| 245 | 1 | 0 | |a El libro del verano / |c Tove Jansson; traducción y prólogo de Christian Kupchik. |
| 250 | |a 2a ed. | ||
| 260 | |a Buenos Aires : |b Compañía Naviera Ilimitada, |c 2021. | ||
| 300 | |a 224 p. | ||
| 500 | |a Edición para Ministerio de Educación de la Nación Argentina. | ||
| 020 | |a 9789874755582 | ||
| 100 | 1 | |a Jansoon, Tove. | |
| 700 | 1 | |a Kupchik, Christian; trad. | |
| 653 | |a Literatura | ||
| 653 | |a Literatura Finlandesa | ||
| 653 | |a Novela | ||
| 653 | |a Novela Finlandesa | ||
| 653 | |a Narrativa | ||
| 653 | |a Narrativa Finlandesa | ||
| 653 | |a Colección Leer Abre Mundos | ||
| 859 | |a CEMS |b BIB. CEMS - Agricultura |h 894.541 |i J267 |p A3367.21 |t Ej.1 | ||
| 859 | |a CEMS |b BIB. CEMS - 11 de abril |h 894.541 |i J267 |p 29249.21 |t Ej. 1 | ||
| 859 | |a CEMS |b BIB. CEMS - 11 de abril |h 894.541 |i J267 |p 29146.21 |t Ej. 2 | ||
